All Numberblocks Episodes - Statistics

General Stats
  • This quiz has been taken 216 times
  • The average score is 41 of 123
Answer Stats
Hint Answer % Correct
Season One One
96%
Two
90%
Three
84%
Four
82%
Five
78%
Season Two Six
78%
Eight
77%
Seven
76%
Nine
75%
Ten
75%
Eleven
65%
Another One
63%
Twelve
61%
Fifty
59%
Thirteen
59%
Fourteen
58%
Twenty
57%
Eighteen
54%
Seventeen
54%
Sixteen
54%
Nineteen
53%
Fifteen
51%
The Terrible Twos
51%
Zero
51%
One, Two, Three!
46%
More to Explore
43%
One Hundred
41%
Three Little Pigs
39%
What If?
39%
The Big One
38%
How to Count
35%
Holes
34%
100 Ways to Leave the Planet
33%
Hide and Seek
33%
Four on the Floor
32%
Fruit Salad
32%
One Thousand and One
32%
Sixty’s High Score
32%
Square Club
32%
Ten Green Bottles
32%
The Whole of Me
32%
Circus of Threes
30%
Heist
30%
Stampolines
30%
Twenty-One and On
30%
Club Picnic
29%
Making Patterns
29%
Season Eight Now in 3D
29%
Off We Go
29%
Season Three Once Upon a Time
29%
Ride the Rays
29%
Terrible Twosday
29%
The Fun Times One Times Table
29%
I Can Count to Twenty
28%
Loop the Loop
28%
Sky High Fives
28%
Blockzilla
27%
Double Back
27%
Heroes With Zeroes
27%
Square on the Moon
27%
Specials The Treasure of Hexagon Island
27%
Too Many Threes
27%
Two Times Shoe Shop
27%
About Time
25%
Block Star
25%
How Rectangly!
25%
The Numberblocks Express
25%
The Way of the Rectangle
25%
Counting Sheep
24%
Double Trouble
24%
Figure It Out
24%
Land of the Giants
24%
Now We Are Six to Ten
24%
Numberblobs
24%
Numberblock Castle
24%
Tall Stories
24%
Ten’s Top Ten
24%
Season Seven Your Turn
24%
Balancing Bridge
23%
Blast Off
23%
Now You See Us
23%
Odds and Evens
23%
Thirty’s Big Top
23%
Twoland
23%
Divide and Drive
22%
Hidden Talents
22%
Just Add One
22%
On Your Head
22%
Peekaboo!
22%
Puzzle Square
22%
Ten Again
22%
The Three Threes
22%
Tween Scenes
22%
What’s My Number?
22%
Season Five Fifteen’s Minute of Fame
20%
Flights of Fancy
20%
Numberblock Rally
20%
Odd Side Story
20%
One Giant Step Squad
20%
Rectangle Racers
20%
Step Squads
20%
We’re Going on a Square Hunt
20%
What’s the Difference?
20%
Hiccups
19%
Steps Versus Squares
19%
Ten’s Place
19%
The Two Tree
19%
The Wrong Number
19%
Building Blocks
18%
Fluffies
18%
Season Six Sign of the Times
18%
The Legend of Big Tum
18%
The Many Friends of Twenty
18%
The Team Factor
18%
Lair of the Shares
16%
Mirror, Mirror
16%
Season Four Flatland
15%
Fun Times Fair
15%
Octoblock to the Rescue!
15%
Snow Day Doubles
15%
Pattern Palace
14%
Ten Vaulting
13%
Five and Friends
10%
No matching quizzes found
Score Distribution
Percent of People with Each Score
Percentile by Number Answered
Your Score History
You have not taken this quiz